| 000 -CABECERA |
| Longitud fija campo de control |
00779nam a22002417a 4500 |
| 003 - IDENTIFICADOR DEL NÚMERO DE CONTROL |
| Identificador del número de control |
OSt |
| 005 - FECHA Y HORA DE LA ÚLTIMA TRANSACCIÓN |
| Fecha y hora de la última transacción |
20150407174559.0 |
| 008 - CÓDIGOS DE INFORMACIÓN DE LONGITUD FIJA |
| Códigos de información de longitud fija |
150323s2015 spcm||| |||||||| |dcat|d |
| 017 ## - NÚMERO DE COPYRIGHT O DE DEPÓSITO LEGAL |
| Número de copyright o de depósito legal |
DL L. 111-2015 |
| 020 ## - NÚMERO INTERNACIONAL NORMALIZADO PARA LIBROS |
| Número Internacional Normalizado para Libros (ISBN) |
9788499755830 |
| 040 ## - FUENTE DE LA CATALOGACIÓN |
| Lengua de catalogación |
cat |
| Centro transcriptor |
CDMR |
| 043 ## - CÓDIGO DE ÁREA GEOGRÁFICA |
| Código de área geográfica |
e-sp--- |
| Código local GAC |
e-spc-- |
| Fuente del código local |
catmarc |
| 100 1# - PUNTO DE ACCESO PRINCIPAL-NOMBRE DE PERSONA |
| Nombre de persona |
Suñé, Albert |
| 9 (RLIN) |
327 |
| 245 10 - MENCIÓN DE TÍTULO |
| Título |
De La Publicidad a La Publicitat |
| Resto del título |
: del republicanisme històric al catalanisme intel·lectual |
| Mención de responsabilidad, etc. |
Albert Suñé |
| 260 ## - PUBLICACIÓN, DISTRIBUCIÓN, ETC. (PIE DE IMPRENTA) |
| Lugar de publicación, distribución, etc. |
Lleida |
| Nombre del editor, distribuidor, etc. |
Pagès Editors |
| Fecha de publicación, distribución, etc. |
2015 |
| 300 ## - DESCRIPCIÓN FÍSICA |
| Extensión |
160 p. |
| Otras características físicas |
il. |
| Dimensiones |
21 cm |
| 504 ## - NOTA DE BIBLIOGRAFÍA, ETC |
| Nota de bibliografía, etc. |
Bibliografia |
| 630 04 - PUNTO DE ACCESO ADICIONAL DE MATERIA - TÍTULO UNIFORME |
| Título uniforme |
Publicidad (Diari) |
| Subdivisión de materia general |
Història |
| 630 04 - PUNTO DE ACCESO ADICIONAL DE MATERIA - TÍTULO UNIFORME |
| Título uniforme |
Publicitat (Diari) |
| Subdivisión de materia general |
Història |
| 650 #4 - PUNTO DE ACCESO ADICIONAL DE MATERIA - TÉRMINO DE MATERIA |
| Término de materia o nombre geográfico como elemento inicial |
Catalanisme i intel·lectuals |
| Subdivisión de materia general |
Història |
| 650 #4 - PUNTO DE ACCESO ADICIONAL DE MATERIA - TÉRMINO DE MATERIA |
| Término de materia o nombre geográfico como elemento inicial |
Republicanisme |
| Subdivisión geográfica |
Catalunya |
| Subdivisión de materia general |
Història |
| 942 ## - ENTRADA DE ELEMENTOS AGREGADOS (KOHA) |
| Koha [por defecto] tipo de item |
Monografies |